|
|
|
|
| LEADER |
00000nam0a2200000 4500 |
| 001 |
349087 |
| 005 |
20231102010153.0 |
| 035 |
|
|
|a (RuTPU)RU\TPU\retro\1087
|
| 090 |
|
|
|a 349087
|
| 100 |
|
|
|a 20180411d1978 km y0rusy50 ca
|
| 101 |
0 |
|
|a rus
|
| 102 |
|
|
|a RU
|
| 105 |
|
|
|a a z 001zy
|
| 200 |
1 |
|
|a Адаптивная система управления обжигом вторичного никелевого концентрата в кипящем слое
|f Е. И. Штеренберг [и др.]
|
| 210 |
|
|
|a Москва
|c Металлургия
|d 1978
|
| 215 |
|
|
|a 135 с.
|c ил.
|
| 225 |
1 |
|
|a Автоматизация в металлургии
|
| 320 |
|
|
|a Библиогр.: с. 132-133
|
| 606 |
1 |
|
|a Никель
|x Металлургия
|2 stltpush
|3 (RuTPU)RU\TPU\subj\72672
|9 86081
|
| 610 |
1 |
|
|a математические модели
|
| 610 |
1 |
|
|a температурный режим
|
| 610 |
1 |
|
|a статистические закономерности
|
| 610 |
1 |
|
|a динамические закономерности
|
| 610 |
1 |
|
|a алгоритмы
|
| 610 |
1 |
|
|a переменная структура
|
| 610 |
1 |
|
|a печи
|
| 610 |
1 |
|
|a исходные частицы
|
| 610 |
1 |
|
|a укрупнение
|
| 610 |
1 |
|
|a конструктивные особенности
|
| 610 |
1 |
|
|a эксплуатация
|
| 675 |
|
|
|a 669.24
|v 4
|
| 701 |
|
1 |
|a Штеренберг
|b Е. И.
|g Евгений Израилевич
|
| 701 |
|
1 |
|a Буровой
|b И. А.
|
| 701 |
|
1 |
|a Каневский
|b В. Л.
|
| 701 |
|
1 |
|a Попов
|b О. А.
|
| 701 |
|
1 |
|a Ребров
|b А. Г.
|
| 801 |
|
1 |
|a RU
|b 63413507
|c 20180411
|
| 801 |
|
2 |
|a RU
|b 63413507
|c 20180412
|g RCR
|
| 942 |
|
|
|c BK
|